000 00710nam a22002057a 4500
003 OSt
005 20251029034827.0
008 251029b |||||||| |||| 00| 0 eng d
020 _a978-1-912286-81-2
040 _aDWCL - Main Lib
_cOC
082 _aGR 904 G947 2019
110 _aThe Pattison Group
245 _aGuinness World Records 2020 /
_cThe Pattison Group
260 _aUnited Kingdom ;
_bThe British Library,
_cc2019.
300 _a255 pages ; colored illustration ; 30 cm
_bcolored illustration ;
_c30 cm.
501 _aIncludes index, consultants, and acknowledgements
650 _a1. Curiosities and Wonders - Periodical
650 _a2. World Records - Periodical
942 _2ddc
_cGR
_mGR
_n0
999 _c5279
_d5279